01005 2200325 4500001002100000005001500021035002000036007000300056008004100059020002200100082001400122084001600136100003300152245011600185300003800301650001100339700003200350700002900382740003100411264003100442336002100473337003000494338002300524040002200547090002200569250003200591850001200623999002200635990002200657INLIS00000000087366520220921012955 a0010-0922001193ta220921s2021 yoio g ind d a978-623-7624-61-504223a650.1 a650.1 CLA o1 aClason, George S.ePengarang1 aOrang terkaya di Babilonia /cpenyusun, George S. Clason; penerjemah, Eka Ugi Sutikno; penyunting, Irwan Segara axii, 176 halaman :bfoto ;c19 cm aSukses0 aEka Ugi SutiknoePenerjemah0 aIrwan SegaraePenyunting aThe richest man in Babylon31aYogyakarta :bCirca,c2021 2rdacontentateks 2rdamediaatanpa perantara 2rdacarrieravolume aYOPDYOGbinderda aCB-D.11 2021-3704 aCetakan Pertama : Juli 2022 aYOPDYOG aCB-D.11/2021-3704 aCB-D.11/2021-3704